000 00406nam a2200157 4500
001 46054
090 _a46054
100 _a20260427 pory50
101 _apor
102 _aPT
200 _aA Faiança
_dIn Revista Técnica de Cerâmica Ano I, n.º 2 1980
_fRaquel Cortez
210 _a[S.l.]
_cRevista Técnica de Cerâmica
_d1980
215 _a4-7 p.
675 _a738
801 _aPT
_gRPC
990 _cPERIODICOS